00682nam a22001577a 4500003000400000008004100004020001800045100001700063245002900080250001100109300000800120942001200128999001700140952017800157952018900335OSt240127b |||||||| |||| 00| 0 eng d a9781473667526 aDOBELLI,Rolf aThe Art of the Good Life a1st Ed a259 2ddccBK c12202d12202 00102ddc40708GENERALaPIETbPIETd2024-01-13eZafaa Books and DistributorsfIn rupeesg499.00kZBD0321l0o158.1 DOAp35418r2024-01-27 00:00:00v349.30w2024-01-13yREF 00102ddc40708GENERALaPIETbPIETd2024-01-13eZafaa Books and DistributorsfIn rupeesg499.00kZBD0321l6o158.1 DOAp35419r2026-04-08 12:50:31s2026-03-30v349.30w2024-01-13yBK